[Event "Metalmex Open"]
[Site "Liberec CZE"]
[Date "2011.08.18"]
[Round "6.11"]
[White "Suchomel,T"]
[Black "Konopka,Lukas"]
[Result "1/2-1/2"]
[WhiteElo "1647"]
[BlackElo "1986"]

1.e4 c5 2.Nf3 d6 3.d4 cxd4 4.Nxd4 Nf6 5.Nc3 a6 6.Be3 Ng4 7.Bg5 h6 8.Bh4 g5
9.Bg3 Bg7 10.h3 Ne5 11.Nf5 Bxf5 12.exf5 Nbc6 13.f4 gxf4 14.Bxf4 Nd4 15.Bd3 Qa5
16.Be4 d5 17.Bxd5 Rd8 18.O-O  1/2-1/2

[Event "26th Universiade Men"]
[Site "Shenzhen CHN"]
[Date "2011.08.18"]
[Round "5"]
[White "Pruijssers,R"]
[Black "Kalugampitiya,R"]
[Result "1-0"]
[WhiteElo "2461"]
[BlackElo "2121"]

1.e4 c5 2.Nf3 d6 3.d4 cxd4 4.Nxd4 Nf6 5.Nc3 a6 6.Be3 e5 7.Nb3 Be6 8.Qd2 Nbd7
9.f3 h5 10.Nd5 Nxd5 11.exd5 Bf5 12.Bd3 Bxd3 13.Qxd3 Be7 14.Nd2 Rc8 15.O-O-O b5
16.Kb1 Qc7 17.h4 Nc5 18.Bxc5 Qxc5 19.g3 Rh6 20.Rc1 a5 21.c4 b4 22.Ne4 Qc7
23.g4  1-0

[Event "26th Universiade Men"]
[Site "Shenzhen CHN"]
[Date "2011.08.18"]
[Round "5"]
[White "Czarnota,P"]
[Black "Adly,A"]
[Result "1/2-1/2"]
[WhiteElo "2541"]
[BlackElo "2631"]

1.e4 c5 2.Nf3 d6 3.d4 cxd4 4.Nxd4 Nf6 5.Nc3 a6 6.Be3 Ng4 7.Bc1 Nc6 8.Be2 Qb6
9.Bxg4 Qxd4 10.Be3 Nb8 11.Bc1 Nc6 12.Be2 Qb6 13.Bg4 Qd4 14.Be3 Qxd1+ 15.Bxd1 Be6
16.Nd5 Rc8 17.Nb6 Rc7 18.Na8 Rc8 19.Nb6 Rd8 20.c3 g6 21.Bb3 Bxb3 22.axb3 f5
23.exf5 gxf5 24.f4 Kf7 25.O-O h5 26.Nc4 Rc8 27.Na5 Nd8 28.Bb6 Ne6 29.b4 Bh6
30.Be3 Rc7 31.Nb3 Bg7 32.Ra5 Kg6 33.Re1 Rd7 34.b5 axb5 35.Rxb5 Ra8 36.g3 Bf6
37.Ra1 Rxa1+ 38.Nxa1  1/2-1/2

[Event "26th Universiade Men"]
[Site "Shenzhen CHN"]
[Date "2011.08.19"]
[Round "7"]
[White "Pruijssers,R"]
[Black "Moranda,W"]
[Result "1/2-1/2"]
[WhiteElo "2461"]
[BlackElo "2586"]

1.e4 c5 2.Nf3 d6 3.d4 cxd4 4.Nxd4 Nf6 5.Nc3 a6 6.Be3 g6 7.f3 Bg7 8.Qd2 Nbd7
9.g4 b5 10.g5 Nh5 11.a4 bxa4 12.Rxa4 Bb7 13.Nb3 O-O 14.Na5 Qc7 15.Be2 Rfc8
16.O-O Bxc3 17.bxc3 Nc5 18.Ra3 Bc6 19.Nb3 a5 20.Nxc5 dxc5 21.Rb1 a4 22.Bxc5 Nf4
23.Be3 Nxe2+ 24.Qxe2 Qd6 25.Rb4 Rab8 26.Qd2 Qe6 27.Bf4 Ra8 28.Qd3 Be8 29.Rd4 Ra5
30.Kg2 Rac5 31.Be3 R5c7 32.Bf4 Rc4 33.Rxc4 Rxc4 34.Ra1 Rc8 35.Be3 Qe5 36.Qd4 Qb5
37.Qb4 Qxb4 38.cxb4 Rxc2+ 39.Kg3 f6 40.Rc1 Rxc1 41.Kf4  1/2-1/2

[Event "26th Universiade Men"]
[Site "Shenzhen CHN"]
[Date "2011.08.19"]
[Round "8"]
[White "Mooketsi,David"]
[Black "Looi,X"]
[Result "0-1"]
[WhiteElo "1815"]
[BlackElo "2001"]

1.e4 c5 2.Nf3 d6 3.d4 cxd4 4.Nxd4 Nf6 5.Nc3 a6 6.Be3 e6 7.f3 Be7 8.Qd2 b5
9.g4 Bb7 10.O-O-O Nbd7 11.h4 b4 12.Na4 d5 13.h5 dxe4 14.g5 Nd5 15.f4 Qa5
16.Bc4 Qxa4 17.g6 hxg6 18.hxg6 Rxh1 19.gxf7+ Kxf7 20.Rxh1 N7f6 21.f5 exf5
22.Nxf5 Qd7 23.Qf2 Rc8 24.Bb3 Bf8 25.Bg5 Ke8 26.Rd1 Qe6 27.Bxf6 gxf6 28.Kb1 e3
29.Nxe3 Qxe3 30.Re1 Qxe1+ 31.Qxe1+ Be7 32.Qe6 Rd8 33.a4 Rd6 34.Qg8+ Kd7 35.a5 f5
36.Ba4+ Kc7 37.Qg1 f4 38.Qc5+ Kb8 39.Bb3 Nc3+  0-1

[Event "Stare Mesto FIDE Open"]
[Site "Stare Mesto CZE"]
[Date "2011.08.19"]
[Round "9"]
[White "Jurcik,Mart"]
[Black "Plischki,S"]
[Result "1/2-1/2"]
[WhiteElo "2360"]
[BlackElo "2333"]

1.e4 c5 2.Nf3 d6 3.d4 cxd4 4.Nxd4 Nf6 5.Nc3 a6 6.Be3 Nbd7 7.f3 e6 8.Qd2 b5
9.O-O-O Bb7 10.Kb1 Rc8 11.Bd3 Be7 12.g4 Ne5 13.g5 Nfd7 14.h4 Nb6 15.Qe1 Nbc4
16.Bc1 Qb6 17.Bf1 b4 18.Na4  1/2-1/2

[Event "Stare Mesto FIDE Open"]
[Site "Stare Mesto CZE"]
[Date "2011.08.19"]
[Round "9"]
[White "Mrazek,L"]
[Black "Cerveny,M"]
[Result "0-1"]
[WhiteElo "2148"]
[BlackElo "2347"]

1.e4 c5 2.Nf3 d6 3.d4 cxd4 4.Nxd4 Nf6 5.Nc3 a6 6.Be3 e5 7.Nb3 Be6 8.Be2 Be7
9.Qd2 Nbd7 10.g4 h6 11.O-O-O b5 12.h4 a5 13.Bxb5 Bxg4 14.f4 a4 15.Nxa4 Bxd1
16.fxe5 Bf3 17.exf6 Bxh1 18.Bb6 Qc8 19.fxe7 Kxe7 20.Nd4 Bxe4 21.Qe3 Nf6 22.Nc3 Re8
23.Bxe8 Qxe8 24.Nf5+ Kd7 25.Nxd6 Kxd6 26.Qf4+ Kd7 27.Qc7+ Ke6 28.Qc4+ Kf5
29.Bd4 Rc8 30.Qf1+ Kg6 31.Qe2 Bf5 32.Qf2 Qe6 33.a4 Ng4 34.Qg3 Rd8 35.Bc5 Qc4
36.Qg1 Re8 37.a5 Re2 38.Kb1 Rxc2 39.Ka1 Qb3 40.Ba3 Rxc3 41.Qb6+ Qxb6  0-1

[Event "Brasschaat Open"]
[Site "Brasschaat BEL"]
[Date "2011.08.20"]
[Round "1.20"]
[White "De Block,Yordi"]
[Black "Peleman,T"]
[Result "1-0"]
[WhiteElo "1649"]
[BlackElo "2047"]

1.e4 c5 2.Nf3 d6 3.d4 cxd4 4.Nxd4 Nf6 5.Nc3 a6 6.Be3 e6 7.Bc4 b5 8.Bb3 b4
9.Nce2 Nxe4 10.Ng3 Nc5 11.Qe2 Be7 12.O-O-O O-O 13.Kb1 Qc7 14.Rhf1 Nxb3 15.cxb3 Bb7
16.Rc1 Qd7 17.f4 Nc6 18.Rf2 Nxd4 19.Bxd4 Rfc8 20.Rd1 Qc7 21.Qg4 Bf8 22.f5 e5
23.Be3 a5 24.Nh5 Kh8 25.Nxg7 Bxg7 26.f6 Bf8 27.Rg1 Qc6 28.Ka1 d5 29.Rf3 d4
30.Rg3 Bh6 31.Bxh6  1-0

[Event "Caissa GM Aug 2011"]
[Site "Kecskemet HUN"]
[Date "2011.08.20"]
[Round "1.3"]
[White "Mihok,O"]
[Black "Antal,T"]
[Result "1-0"]
[WhiteElo "2457"]
[BlackElo "2256"]

1.e4 c5 2.Nf3 d6 3.d4 cxd4 4.Nxd4 Nf6 5.Nc3 a6 6.Be3 e5 7.Nb3 Be6 8.Qd2 Be7
9.O-O-O O-O 10.f4 Ng4 11.g3 Nxe3 12.Qxe3 Nd7 13.Kb1 g6 14.h4 Qb6 15.Qf3 Qc6
16.Bh3 f5 17.h5 Nf6 18.hxg6 hxg6 19.Na5 Qc7 20.exf5 gxf5 21.fxe5 Qxa5 22.exf6 Bxf6
23.Rxd6 Rae8 24.Rxe6 Rxe6 25.Bxf5 Re5 26.Qg4+ Bg7 27.Be6+ Rxe6 28.Qxe6+ Rf7
29.Rf1 Qc7 30.Ne4 Kf8 31.Rxf7+ Qxf7 32.Qc8+ Qe8 33.Qxe8+ Kxe8 34.Nd6+ Kd7
35.Nxb7 Kc6 36.Na5+ Kb5 37.Nb3 a5 38.c4+ Kb4 39.Kc2 a4 40.Nd2 Bh6 41.g4 Kc5
42.g5  1-0

[Event "BDO Premier"]
[Site "Haarlem NED"]
[Date "2011.08.21"]
[Round "2.4"]
[White "Nijboer,F"]
[Black "Bosboom,M"]
[Result "1/2-1/2"]
[WhiteElo "2546"]
[BlackElo "2399"]

1.e4 c5 2.Nf3 d6 3.d4 cxd4 4.Nxd4 Nf6 5.Nc3 a6 6.Be3 h5 7.f3 e6 8.Qd2 Bd7
9.a4 Nc6 10.Nb3 Rc8 11.a5 Qc7 12.Na4 d5 13.Nb6 Rd8 14.exd5 exd5 15.Bf4 Bd6
16.Bxd6 Qxd6 17.Bd3 Be6 18.O-O h4 19.Na4 h3 20.g3 Kf8 21.Nbc5 Bc8 22.b4 Nh5
23.Kh1 Ne5 24.Nb6 Qc6 25.Rae1 Nxd3 26.Qxd3 d4 27.Nxc8 Qxc8 28.Re4 Nf6 29.Rxd4 Rxd4
30.Qxd4 Rh5 31.c4 Qe8 32.Qf2 Re5 33.Nd3 Re2 34.Qc5+ Kg8 35.Nf4 Ne4 36.Qd4 Nd2
37.Nxe2 Nxf1 38.Ng1 Qe1 39.Qd8+ Kh7 40.Qh4+ Kg8 41.Qd8+ Kh7 42.Qh4+ Kg8 43.Qxh3 Ne3
44.Qd7 Qf2 45.Qd8+ Kh7 46.Qd3+ f5 47.Qe2 Qxe2 48.Nxe2 Nxc4 49.Nd4 Kg6 50.Kg2 Kf6
51.f4 b6 52.b5 bxa5 53.bxa6 a4 54.a7 Nb6 55.Nb5 Ke6 56.g4 fxg4 57.Kg3 Kd7
58.Kxg4 Kc6 59.Na3 Kb7 60.f5 Kxa7 61.f6 gxf6 62.h4 Nd7 63.h5 Kb6 64.Kf5 Kc5
65.h6 Nf8 66.Kxf6 Kb4  1/2-1/2

[Event "72nd ch-ARM 1st League"]
[Site "Kajaran ARM"]
[Date "2011.08.22"]
[Round "5"]
[White "Petrosian,DG"]
[Black "Kalashian,D"]
[Result "1/2-1/2"]
[WhiteElo "2478"]
[BlackElo "2410"]

1.e4 c5 2.Nf3 d6 3.Nc3 a6 4.d4 cxd4 5.Nxd4 Nf6 6.Be3 e5 7.Nf3 Qc7 8.a4 Be7
9.Be2 O-O 10.O-O Be6 11.a5 Rc8 12.Nd5 Nxd5 13.exd5 Bg4 14.c4 Nd7 15.Nd2 Bxe2
16.Qxe2 f5 17.f3 Nf8 18.c5 dxc5 19.Nc4 Re8 20.Qd3 Rad8 21.Rad1 e4 22.fxe4 fxe4
23.Qb3 Bf6 24.d6 Qf7 25.Qc2 Nd7 26.b3 Kh8 27.Qd2 Ne5 28.Qd5 Qxd5 29.Rxd5 Nd3
30.g4 h6 31.Kg2 Rf8 32.Rdf5 Kg8 33.Bxh6 Bd4 34.Rxf8+ Rxf8 35.Bg5 Bf6 36.Bxf6 gxf6
37.h4 Kg7 38.Rf5 Re8 39.Kf1 e3 40.Nxe3 Rxe3 41.d7 Re1+ 42.Kg2 Rd1 43.d8=Q Ne1+
44.Kf2 Rxd8 45.Kxe1 Rd3 46.Rxc5 Rxb3 47.Rc7+ Kh6 48.Kf2 Rb5 49.Kf3 Rxa5 50.Rxb7 Ra1
51.h5 a5 52.Rf7 Rf1+ 53.Kg2 Rf4 54.Kg3 Rf1 55.Ra7 Ra1 56.Rf7 Rf1  1/2-1/2

[Event "Caissa GM Aug 2011"]
[Site "Kecskemet HUN"]
[Date "2011.08.22"]
[Round "3.2"]
[White "Mihok,O"]
[Black "Ilincic,Z"]
[Result "1-0"]
[WhiteElo "2457"]
[BlackElo "2468"]

1.e4 c5 2.Nf3 d6 3.d4 cxd4 4.Nxd4 Nf6 5.Nc3 a6 6.Be3 h5 7.Be2 e6 8.a4 Nc6
9.h3 Bd7 10.O-O Be7 11.f4 g6 12.Bf3 h4 13.Nb3 Nh5 14.a5 Ng3 15.Re1 g5 16.Nd5 exd5
17.exd5 Nxa5 18.Nxa5 O-O 19.Nxb7 Qc7 20.Na5 gxf4 21.Bd4 Bg5 22.Nc6 Nf5 23.Be4 Ng3
24.Ra3 Bxc6 25.Rxg3 fxg3 26.dxc6 f6 27.Bd5+ Kg7 28.Qh5 Bd2 29.Re4  1-0

[Event "Caissa GM Aug 2011"]
[Site "Kecskemet HUN"]
[Date "2011.08.22"]
[Round "3.4"]
[White "Illingworth,M"]
[Black "Antal,T"]
[Result "0-1"]
[WhiteElo "2389"]
[BlackElo "2256"]

1.e4 c5 2.Nf3 d6 3.d4 cxd4 4.Nxd4 Nf6 5.Nc3 a6 6.Be3 e5 7.Nb3 Be7 8.f3 Be6
9.Qd2 O-O 10.O-O-O a5 11.Qe1 Qc7 12.Nb5 Qc6 13.Nxa5 Qd7 14.g4 Bxa2 15.b3 Bd8
16.Bd2 b6 17.Bb4 bxa5 18.Bxd6 Be7 19.Kb2 Bxd6 20.Rxd6 Qc8 21.Qc3 a4 22.Kxa2 axb3+
23.Kxb3 Na6 24.Qxc8 Rfxc8 25.Be2 Nc5+ 26.Kb2 h6 27.Ra1 Na4+ 28.Kc1 Ne8 29.Rd3 Nc5
30.Rda3 Nb3+ 31.Rxb3 Rxa1+ 32.Rb1 Rxb1+ 33.Kxb1 Nc7 34.c4 Kf8 35.Kb2 Ke7
36.Kb3 Nxb5 37.cxb5 Kd6 38.Kb4 Rc2 39.Bc4 f6 40.h4 Rf2 41.b6 Rb2+ 42.Bb3 Kc6
43.h5 Kxb6 44.Kc4 Rd2 45.Kc3 Rf2 46.Bd1 Kc5 47.Kd3 Ra2 48.Ke3 Ra3+ 49.Kf2 Kd4
50.Kg3 Ke3 51.g5 Kd2  0-1

[Event "3rd Senica Open"]
[Site "Senica SVK"]
[Date "2011.08.22"]
[Round "2.23"]
[White "Svoboda,A"]
[Black "Sukopcak,M"]
[Result "1-0"]
[WhiteElo "1967"]
[BlackElo "1709"]

1.e4 c5 2.Nf3 d6 3.d4 cxd4 4.Nxd4 Nf6 5.Nc3 a6 6.Be3 e5 7.Nb3 Be7 8.Bc4 O-O
9.f3 Nbd7 10.Nd5 Nxd5 11.Bxd5 Nb6 12.Qd2 Nxd5 13.Qxd5 Qc7 14.O-O-O Be6 15.Qd3 Bxb3
16.Qxb3 b5 17.Rd5 Rfb8 18.Rhd1 Qc4 19.Qxc4 bxc4 20.c3 a5 21.a4 f6 22.f4 Rb7
23.f5 Kf7 24.g4 g5 25.h4 gxh4 26.Rh1 Kg8 27.Rxh4 Bf8 28.Bh6 Bxh6+ 29.Rxh6 Kg7
30.Rh2 Ra6 31.Rhd2 Rbb6 32.Rh2 Rc6 33.Rb5 Rcb6 34.Rd5 Rb7 35.Rd1 Kg8 36.Rh4 Rg7
37.Rd5 Rb7 38.Rh6 Kg7 39.Rh2 Rbb6 40.Rhd2 Kh6 41.Kd1 Kg5 42.Ke2 Kxg4 43.Ke3 Kg5
44.Rg2+ Kh6 45.Rd1  1-0

[Event "BDO Premier"]
[Site "Haarlem NED"]
[Date "2011.08.24"]
[Round "5.5"]
[White "Haslinger,S"]
[Black "D'Costa,L"]
[Result "1/2-1/2"]
[WhiteElo "2548"]
[BlackElo "2425"]

1.e4 c5 2.Nf3 d6 3.d4 cxd4 4.Nxd4 Nf6 5.Nc3 a6 6.Be3 e6 7.f3 b5 8.Qd2 Nbd7
9.g4 Nb6 10.a4 Nc4 11.Bxc4 bxc4 12.a5 Bb7 13.Na4 Nd7 14.O-O-O Be7 15.Ne2 O-O
16.Nb6 Nxb6 17.Bxb6 Qe8 18.Nc3 Rc8 19.h4 d5 20.exd5 Bxd5 21.Qe3 Ba8 22.h5  1/2-1/2

[Event "11th Metropolitan Invitational"]
[Site "Los Angeles USA"]
[Date "2011.08.24"]
[Round "3"]
[White "Khachiyan,M"]
[Black "Siddharth,R"]
[Result "1/2-1/2"]
[WhiteElo "2505"]
[BlackElo "2387"]

1.e4 c5 2.Nc3 a6 3.Nf3 d6 4.d4 cxd4 5.Nxd4 Nf6 6.Be3 Ng4 7.Bg5 h6 8.Bh4 g5
9.Bg3 Bg7 10.Be2 h5 11.Bxg4 Bxg4 12.f3 Bd7 13.Qd2 Nc6 14.Bf2 e6 15.O-O-O Ne5
16.Nde2 Nc4 17.Qe1 Rc8 18.Bd4 Be5 19.b3 Na5 20.h4 b5 21.hxg5 Bxd4 22.Nxd4 Qc7
23.Kb2 b4 24.Nce2 e5 25.Qxb4 Rb8 26.Qc3 Qxc3+ 27.Nxc3 exd4 28.Rxd4 Bc6 29.Nd5 Rb5
30.f4 Kd7 31.Ne3 Kc7 32.Ng4 Nb7 33.c4 Rb6 34.Nf6 Nc5 35.f5 Rbb8 36.Rhd1  1/2-1/2

[Event "3rd Senica Open"]
[Site "Senica SVK"]
[Date "2011.08.25"]
[Round "6.24"]
[White "Kerdik,A"]
[Black "Jarabek,Milan"]
[Result "1-0"]
[WhiteElo "1847"]
[BlackElo "1532"]

1.e4 c5 2.Nf3 d6 3.d4 cxd4 4.Nxd4 Nf6 5.Nc3 a6 6.Be3 e6 7.Be2 Be7 8.f4 Nbd7
9.g4 Nc5 10.Bf3 e5 11.Nf5 Bxf5 12.gxf5 Qc7 13.Qe2 Qc6 14.O-O-O b5 15.Nd5 Rc8
16.Kb1 Nxd5 17.exd5 Qc7 18.fxe5 dxe5 19.Rhg1 Bf6 20.d6 Qd7 21.Qf2 Na4 22.Be4 Rc4
23.Qg2 h5 24.Kc1 Nc5 25.b3 Rxe4 26.Bxc5 Rg4 27.Qa8+ Bd8 28.Qxa6 O-O 29.Rxg4 hxg4
30.Qa7 Qxa7 31.Bxa7 Bg5+ 32.Kb2 e4 33.d7 Bf6+ 34.Bd4 Rd8 35.Bxf6 gxf6 36.Kc3 e3
37.Rd5 b4+ 38.Kd3  1-0

[Event "Caissa GM Aug 2011"]
[Site "Kecskemet HUN"]
[Date "2011.08.27"]
[Round "8.3"]
[White "Sax,G"]
[Black "Ivekovic,Z"]
[Result "1-0"]
[WhiteElo "2491"]
[BlackElo "2342"]

1.e4 c5 2.Nf3 d6 3.d4 cxd4 4.Nxd4 Nf6 5.Nc3 a6 6.Be3 e5 7.Nb3 Be6 8.h3 Be7
9.Qe2 Nbd7 10.O-O-O Rc8 11.g4 O-O 12.g5 Ne8 13.h4 b5 14.f4 exf4 15.Bxf4 Nb6
16.Nd5 Nc4 17.Nd4 Nb6 18.Bh3 Nxd5 19.exd5 Bxh3 20.Rxh3 Qd7 21.Re3 Bd8 22.h5 Nc7
23.Qf3 b4 24.Qe4 Nb5 25.Qf5 Qxf5 26.Nxf5 Bb6 27.Re4 Rfe8 28.Rde1 Kf8 29.Nxd6 Rxe4
30.Rxe4 Rd8 31.Nxb5 axb5 32.Rxb4 Rxd5 33.a4 Rf5 34.Bd6+ Ke8 35.Rxb5 Be3+
36.Kd1 Rxb5 37.axb5 Kd7 38.Be5 g6 39.hxg6 fxg6 40.Bf6 h5 41.gxh6 Bxh6 42.Ke2 Bf4
43.Kf3  1-0

[Event "TCh-SRB Premier Men"]
[Site "Valjevo SRB"]
[Date "2011.08.27"]
[Round "1.1"]
[White "Solak,D"]
[Black "Zivkovic,I"]
[Result "1-0"]
[WhiteElo "2598"]
[BlackElo "2367"]

1.e4 c5 2.Nf3 d6 3.d4 cxd4 4.Nxd4 Nf6 5.Nc3 a6 6.Be3 Ng4 7.Bc1 Nf6 8.h3 g6
9.g4 Nc6 10.Be3 Bg7 11.Bg2 O-O 12.Qd2 Nxd4 13.Bxd4 Be6 14.f4 Rc8 15.O-O Rc4
16.Ne2 b5 17.b3 Rc8 18.Rad1 Qc7 19.f5 Bd7 20.g5 Nh5 21.f6 exf6 22.gxf6 Bh8
23.Nc3 Be6 24.Rf5 Nxf6 25.Rxf6 b4 26.Na4 Qxc2 27.Rf2 Qxd2 28.Rfxd2 Be5 29.Nb6 Rb8
30.Bxe5 dxe5 31.Rd6 Rfe8 32.Bf1 a5 33.Nd7 Bxd7 34.Rxd7 f5 35.exf5 gxf5 36.R1d6 Kh8
37.Bc4  1-0

[Event "TCh-SRB Premier Men"]
[Site "Valjevo SRB"]
[Date "2011.08.27"]
[Round "1.3"]
[White "Pikula,D"]
[Black "Farkas,Ti"]
[Result "1-0"]
[WhiteElo "2532"]
[BlackElo "2260"]

1.e4 c5 2.Nf3 d6 3.d4 cxd4 4.Nxd4 Nf6 5.Nc3 a6 6.Be3 Ng4 7.Bg5 h6 8.Bh4 g5
9.Bg3 Bg7 10.h3 Ne5 11.f3 Nbc6 12.Bf2 Nxd4 13.Bxd4 Be6 14.h4 Rg8 15.hxg5 hxg5
16.Qd2 Bf6 17.O-O-O Rb8 18.Kb1 Qc7 19.Be2 Nd7 20.Bxf6 Nxf6 21.Rh6 Qc5 22.g3 b5
23.Bd3 Nd7 24.f4 f6 25.Nd5 gxf4 26.gxf4 Nb6 27.Nxb6 Qxb6 28.e5 Rf8 29.exd6 exd6
30.Qe2 Kd7 31.Rh7+  1-0

[Event "TCh-SRB Premier Men"]
[Site "Valjevo SRB"]
[Date "2011.08.28"]
[Round "2.1"]
[White "Bojovic,D"]
[Black "Ostojic,N1"]
[Result "1/2-1/2"]
[WhiteElo "2320"]
[BlackElo "2458"]

1.e4 c5 2.Nf3 d6 3.d4 cxd4 4.Nxd4 Nf6 5.Nc3 a6 6.Be3 e5 7.Nb3 Be6 8.f3 Nbd7
9.g4 Nb6 10.g5 Nh5 11.Nd5 Nxd5 12.exd5 Bf5 13.Bd3 Bxd3 14.Qxd3 Be7 15.Rg1 O-O
16.O-O-O g6 17.Nd2 f6 18.gxf6 Rxf6 19.Rg4 Qd7 20.Rdg1 Raf8 21.Bh6 R8f7 22.h4 Rf5
23.b3  1/2-1/2

[Event "Maria Albulet Mem"]
[Site "Braila ROU"]
[Date "2011.08.29"]
[Round "1"]
[White "Bulmaga,I"]
[Black "Uta,Ad"]
[Result "1-0"]
[WhiteElo "2293"]
[BlackElo "2099"]

1.e4 c5 2.Nf3 d6 3.d4 cxd4 4.Nxd4 Nf6 5.Nc3 a6 6.Be3 e5 7.Nb3 Be6 8.Qd2 Nbd7
9.f3 h5 10.O-O-O Rc8 11.Kb1 Be7 12.f4 b5 13.Bd3 Nb6 14.fxe5 dxe5 15.Qf2 Nbd7
16.h3 Qc7 17.Nd5 Bxd5 18.exd5 Nxd5 19.Bf5 N5f6 20.g4 hxg4 21.hxg4 Rxh1 22.Rxh1 Rd8
23.g5 Nd5 24.g6 Nf8 25.gxf7+ Kxf7 26.Bg4+ Kg8 27.Rf1 Nf6 28.Bb6 Qc4 29.Be2 Qe6
30.Bxd8 Bxd8 31.a4 Bb6 32.Qg2 b4 33.Nd2 Qd6 34.Nc4 Qe6 35.Nxb6 Qxb6 36.Bc4+ Kh8
37.Qh3+ N8h7 38.Qc8+  1-0

[Event "Richard Reti Mem"]
[Site "Trnava SVK"]
[Date "2011.08.30"]
[Round "3.8"]
[White "Varga,Dav"]
[Black "Plischki,S"]
[Result "1/2-1/2"]
[WhiteElo "2364"]
[BlackElo "2333"]

1.e4 c5 2.Nf3 d6 3.d4 cxd4 4.Nxd4 Nf6 5.Nc3 a6 6.Be3 Nbd7 7.g4 h6 8.f3 e6
9.Qd2 b5 10.O-O-O b4 11.Nce2 Qc7 12.Qxb4 d5 13.Qc3 Qxc3 14.Nxc3 dxe4 15.Nxe4 Nxe4
16.fxe4 Bb7 17.Bg2 Nf6 18.Rhe1 Nxg4 19.Bf4 Be7 20.h3 Nf6 21.c4 O-O 22.Re2 Rac8
23.b3 Rfd8 24.Nc2 Nh5 25.Rxd8+ Rxd8 26.Bh2 Bg5+ 27.Kb2 Nf4 28.Bxf4 Bxf4 29.Kc3 a5
30.Ne3 Be5+ 31.Kc2 h5 32.Rd2 Rxd2+ 33.Kxd2 Kf8 34.Bf3 g6 35.Nc2 f5 36.Ke3 f4+
37.Ke2 Ke7 38.Ne1 Bc3 39.Nd3 e5 40.h4 Kd6 41.a3 Ba6 42.Kd1 Bd4 43.Kc2 Bc8
44.Kd2 Be6 45.Be2 Bg4 46.b4 axb4 47.axb4 f3 48.Bf1 f2 49.c5+ Kc7 50.Nc1 Bf3
51.Kd3 Bd1 52.Ne2 Bb2 53.Nc3 Bb3 54.b5 Ba3 55.c6 Be7 56.Nd5+ Bxd5 57.exd5 Bxh4
58.Ke4 Bg3 59.Bg2 h4 60.Kd3 g5 61.Ke2 e4 62.Bxe4 Kb6 63.Bd3 Kc5 64.c7 Bxc7  1/2-1/2

[Event "TCh-SRB Premier Men"]
[Site "Valjevo SRB"]
[Date "2011.08.30"]
[Round "4.2"]
[White "Mastrovasilis,D"]
[Black "Damljanovic,B"]
[Result "1-0"]
[WhiteElo "2604"]
[BlackElo "2611"]

1.e4 c5 2.Nf3 d6 3.d4 cxd4 4.Nxd4 Nf6 5.Nc3 a6 6.Be3 e5 7.Nb3 Be6 8.Qd2 Nbd7
9.f4 Rc8 10.O-O-O b5 11.Kb1 Be7 12.f5 Bc4 13.g4 h6 14.Rg1 Bxf1 15.Rdxf1 b4
16.Nd5 Nxd5 17.Qxd5 Qc7 18.Qd3 Bg5 19.Rc1 Bxe3 20.Qxe3 Qb6 21.Qd3 Rc6 22.h4 a5
23.Nd2 a4 24.Nc4 Qd4 25.Na5 Rb6 26.Qxd4 exd4 27.Rgd1 Ne5 28.Rxd4 Nxg4 29.Nc4 Ra6
30.Nxd6+ Ke7 31.Nb5 Rc8 32.Rxb4 Ne5 33.Nc3 a3 34.Nd5+ Kf8 35.Rd1 axb2 36.Nb6 Rb8
37.Rd6 Ke8 38.c4 h5 39.c5 Ra5 40.Rd5 Nc6 41.Rxb2 f6 42.Nc4 Ra4 43.Nd6+ Kd7
44.Rxb8 Nxb8 45.Nb5+ Kc8 46.Nd4 Rc4 47.Kb2 Nd7 48.Ne6 Ne5 49.Nxg7 Rxe4 50.Nxh5 Nd7
51.Rd6 Rxh4 52.Nxf6 Ne5 53.Kb3 Nf7 54.Re6 Nd8 55.Re4 Rh3+ 56.Kc4 Rf3 57.Nd5 Nc6
58.f6 Kd7 59.Nb6+ Kc7 60.Nd5+ Kd7 61.Kb5 Rf5 62.Ne7 Na7+ 63.Kb6  1-0

[Event "Richard Reti Mem"]
[Site "Trnava SVK"]
[Date "2011.09.01"]
[Round "6.3"]
[White "Petenyi,T"]
[Black "Jurcik,Mart"]
[Result "1/2-1/2"]
[WhiteElo "2398"]
[BlackElo "2360"]

1.e4 c5 2.Nf3 d6 3.d4 cxd4 4.Nxd4 Nf6 5.Nc3 a6 6.Be3 e5 7.Nb3 Be7 8.f3 Be6
9.Qd2 O-O 10.O-O-O Nbd7 11.g4 b5 12.g5 b4 13.Ne2 Ne8 14.f4 a5 15.f5 a4 16.fxe6 axb3
17.exf7+ Rxf7 18.cxb3 Rxa2 19.Ng3 Rxf1 20.Rhxf1 Ra1+ 21.Kc2 Qc8+ 22.Kd3 Qa6+
23.Kc2 Qc6+ 24.Kd3 Qa6+ 25.Kc2 Qc6+  1/2-1/2

[Event "Maria Albulet Mem"]
[Site "Braila ROU"]
[Date "2011.09.02"]
[Round "5"]
[White "Uta,Ad"]
[Black "Bollengier,Andreea"]
[Result "1/2-1/2"]
[WhiteElo "2099"]
[BlackElo "2207"]

1.e4 c5 2.Nf3 d6 3.d4 Nf6 4.Nc3 cxd4 5.Nxd4 a6 6.Be3 e6 7.f3 b5 8.g4 Bb7
9.Qd2 Qa5 10.Nb3 Qc7 11.O-O-O Nfd7 12.Rg1 Nc6 13.f4 O-O-O 14.Qf2 Na5 15.f5 Nxb3+
16.axb3 Kb8 17.Bg2 Rc8 18.Rd2 Ne5 19.h3 Be7 20.Kb1 h6 21.Ne2 Bg5 22.Nd4 Bxe3
23.Qxe3 Nc6 24.Nxc6+ Bxc6 25.Qd4 e5 26.Qxd6 Rhd8 27.Qxc7+ Kxc7 28.Rgd1 Rxd2
29.Rxd2 f6 30.c3 b4 31.Kc2 a5 32.Re2 Rd8 33.Re3 Kb6 34.h4 Kc5 35.Bf1 Bb7
36.Bd3 Bc6 37.Rg3 Rh8 38.Kd2 Be8 39.Bc4 Bc6 40.Bd3 Rd8 41.Ke3 Rb8 42.c4 Rh8
43.Rg1 Bb7 44.Ra1 Ra8 45.Bc2 Bc6 46.Rg1 Rh8 47.Ra1 Ra8  1/2-1/2

[Event "18th Graz Open"]
[Site "Graz AUT"]
[Date "2011.09.02"]
[Round "7"]
[White "Wieser,A1"]
[Black "Maurer,Joc"]
[Result "0-1"]
[WhiteElo "2086"]
[BlackElo "2264"]

1.e4 c5 2.Nf3 d6 3.d4 cxd4 4.Nxd4 Nf6 5.Nc3 a6 6.Be3 e5 7.Nf3 Qc7 8.a4 b6
9.Bd3 Nbd7 10.O-O Be7 11.Qe2 O-O 12.Nd2 Bb7 13.f3 d5 14.exd5 Bb4 15.Nde4 Nxd5
16.Nxd5 Bxd5 17.c3 Be7 18.Bxa6 Rxa6 19.Qxa6 Bc4 20.Bxb6 Nxb6 21.Qa5 Ra8  0-1

[Event "TCh-POL Ekstraliga"]
[Site "Miedzybrodzie-Zywiec POL"]
[Date "2011.09.02"]
[Round "4.1"]
[White "Chlost,M"]
[Black "Worek,J"]
[Result "1-0"]
[WhiteElo "2193"]
[BlackElo "2302"]

1.e4 c5 2.Nf3 d6 3.d4 cxd4 4.Nxd4 Nf6 5.Nc3 a6 6.Be3 e5 7.Nf3 Be7 8.a4 O-O
9.Be2 Qc7 10.a5 Nbd7 11.O-O b5 12.axb6 Nxb6 13.Nd2 Bb7 14.Bxb6 Qxb6 15.Nc4 Qc7
16.Nd5 Nxd5 17.exd5 a5 18.Qd2 Bd8 19.Ra3 Qc5 20.Rd1 f5 21.Rc3 Bb6 22.Bf1 Rae8
23.Rb3 Bd8 24.Rxb7 f4 25.b4  1-0

[Event "TCh-POL Ekstraliga"]
[Site "Miedzybrodzie-Zywiec POL"]
[Date "2011.09.02"]
[Round "4.3"]
[White "Zawadzka,J"]
[Black "Klim,K"]
[Result "0-1"]
[WhiteElo "2400"]
[BlackElo "2314"]

1.e4 c5 2.Nf3 d6 3.d4 cxd4 4.Nxd4 Nf6 5.Nc3 a6 6.Be3 Nc6 7.f3 e5 8.Nb3 Be7
9.Qd2 O-O 10.Rd1 Be6 11.Qf2 Qc7 12.a3 Nb8 13.Be2 Nbd7 14.O-O b5 15.Rd2 Rab8
16.f4 Nb6 17.f5 Bc4 18.Kh1 Na4 19.Bxc4 Nxc3 20.Bxf7+ Rxf7 21.bxc3 Nxe4 22.Qf3 Nxd2
23.Bxd2 Qb7 24.Qd3 Rbf8 25.c4 bxc4 26.Qxc4 Qb5 27.Qxb5 axb5 28.g4 h5 29.h3 hxg4
30.hxg4 g6 31.Kg2 gxf5 32.Bh6 Rc8  0-1

[Event "10th Sunny Beach Open"]
[Site "Sunny Beach BUL"]
[Date "2011.09.02"]
[Round "7.38"]
[White "Ionica,I"]
[Black "Novak,Mic"]
[Result "1/2-1/2"]
[WhiteElo "2244"]
[BlackElo "2125"]

1.e4 c5 2.Nf3 d6 3.d4 cxd4 4.Nxd4 Nf6 5.Nc3 a6 6.Be3 e5 7.Nf3 Be7 8.Bc4 Be6
9.Bb3 h6 10.O-O O-O 11.Re1 Qc7 12.Nd5 Bxd5 13.Bxd5  1/2-1/2

[Event "TCh-SRB Premier Women"]
[Site "Valjevo SRB"]
[Date "2011.09.02"]
[Round "7.4"]
[White "Markovic,Ta"]
[Black "Milosavljevic,Ma"]
[Result "0-1"]
[WhiteElo "1818"]
[BlackElo "1937"]

1.e4 c5 2.Nf3 d6 3.d4 cxd4 4.Nxd4 Nf6 5.Nc3 a6 6.Be3 e5 7.Nb3 Be6 8.f3 h5
9.Qd2 Nbd7 10.O-O-O b5 11.Kb1 Rc8 12.Qf2 Qc7 13.a3 Be7 14.h3 Rb8 15.Na2 d5
16.exd5 Nxd5 17.Bd2 b4 18.axb4 Nxb4 19.Nxb4 Bxb4 20.Bxb4 Rxb4 21.Bxa6 O-O
22.Qe3 Ra8 23.Be2 Bxb3 24.cxb3 Qa5 25.Bc4 Nc5 26.Qc3 Qb6 27.Qxe5 Qg6+ 28.Kc1 Rxc4+
29.Kd2 Rd8+ 30.Ke3 Rd3+ 31.Rxd3 Qxd3+ 32.Kf2 Qd4+ 33.Qxd4 Rxd4 34.Ra1 Rd2+
35.Kg3 Rxb2 36.Ra5 Nd3 37.Rb5 Nc1 38.b4 Nd3 39.Rxh5 Rxb4 40.Rd5 Nf4 41.Rd2 Ne6
42.Ra2 Kh7 43.Ra7 Kg6 44.Ra6 Kg5 45.Ra5+ f5 46.Ra2 f4+ 47.Kh2 Kf5 48.Ra5+ Kf6
49.Ra2 Rc4 50.Rd2 Nd4 51.Rd1 Ke5 52.Re1+ Kd5 53.h4 Rc2 54.Kh3 Re2 55.Ra1 Re7
56.Rd1 Kc4 57.Rc1+ Kd3 58.Ra1 Nc2 59.Ra4 Ke3 60.Kg4 Ne1 61.Rxf4 Nxg2 62.Ra4 Rd7
63.Ra3+ Kd4 64.Ra4+ Ke5 65.Re4+ Kf6 66.Kg3 Rd2 67.Ra4 Ne3 68.Ra6+ Kf5 69.Ra5+ Rd5
70.Ra7 g6 71.Ra4 Nd1 72.Rf4+ Ke6 73.Rg4 Kf6 74.Rf4+ Kg7 75.Ra4 Nc3 76.Ra7+ Kh6
77.Re7 Nb5 78.Re3 Nd6 79.Ra3 Nf5+ 80.Kg4 Rd4+ 81.f4 Rd1 82.Rh3 Rg1+ 83.Kf3 Kh5
84.Kf2 Ra1 85.Rc3 Kg4 86.Rc2 Nxh4 87.Rc4 Nf5 88.Rc6 Ra2+ 89.Kg1 Nh4 90.Rc4 Kg3
91.Kf1 Rf2+ 92.Ke1 Rxf4 93.Rxf4 Kxf4 94.Kf2 g5 95.Kg1 g4 96.Kh2 g3+ 97.Kg1 Kf3
98.Kf1 Ng6 99.Kg1 Nf4 100.Kf1 Ne2  0-1

[Event "TCh-POL Ekstraliga"]
[Site "Miedzybrodzie-Zywiec POL"]
[Date "2011.09.03"]
[Round "5.4"]
[White "Olszewski,Mi"]
[Black "Nyzhnyk,I"]
[Result "1-0"]
[WhiteElo "2542"]
[BlackElo "2583"]

1.e4 c5 2.Nf3 d6 3.d4 cxd4 4.Nxd4 Nf6 5.Nc3 a6 6.Be3 e5 7.Nf3 Qc7 8.a4 Be7
9.Be2 O-O 10.O-O Nbd7 11.a5 b5 12.axb6 Nxb6 13.Qd3 Bb7 14.Nd2 Nbd7 15.Nc4 Rad8
16.Na5 Ba8 17.Bf3 Rb8 18.Ra2 Rb4 19.Qxa6 Rfb8 20.Rfa1 h6 21.Nb3 Nxe4 22.Qxa8 Nxc3
23.Qa7 R4b7 24.Bxb7 Nxa2 25.Bd5 Qxa7 26.Bxa7 Nb4 27.Bxb8 Nxd5 28.Rd1 Nc3
29.bxc3 Nxb8 30.Na5 f5 31.Nc4 Kf7 32.Nxd6+ Ke6 33.Ne8 Kf7 34.Nc7 Nc6 35.Rd7 Nb8
36.Rd5 Nc6 37.Kf1 g6 38.c4 e4 39.Ke2 f4 40.c3 g5 41.Nb5 Bf6 42.Nd6+  1-0